000 00534nam a2200193Ia 4500
003 OSt
005 20250204123611.0
008 210210b1942 xxu||||| |||| 00| 0 eng d
040 _cAL
041 _akan
082 _a859/1140
100 _aBASAVARAJA KATTIMANI
_9146320
_dಬಸವರಾಜ ಕಟ್ಟೀಮನಿ.
245 _aJIvana kale:
_bಜೀವನ ಕಲೆ
260 _aBengaluru
_bSharada Prakatanalaya
_c1942
650 _akale
_9146321
690 _aKannada Fiction
_9146322
906 _a021885
942 _2ddc
_cBK
999 _c145991
_d145991